BUBT Library Online Catalog

General Clauses Act/ (Record no. 2210)

000 -LEADER
fixed length control field 00677nam a2200253Ia 4500
003 - CONTROL NUMBER IDENTIFIER
control field BUBTL
008 - FIXED-LENGTH DATA ELEMENTS--GENERAL INFORMATION
fixed length control field 151213s9999 xx 000 0 und d
020 ## - INTERNATIONAL STANDARD BOOK NUMBER
International Standard Book Number 81English80380017
041 ## - LANGUAGE CODE
Language code of text/sound track or separate title English
082 ## - DEWEY DECIMAL CLASSIFICATION NUMBER
Classification number 340/R2151g/ 2002
100 ## - MAIN ENTRY--PERSONAL NAME
Personal name Rao, Justice MN
9 (RLIN) 4094
245 ## - TITLE STATEMENT
Title General Clauses Act/
Statement of responsibility, etc. Justice MN Rao
250 ## - EDITION STATEMENT
Edition statement 10th
260 ## - PUBLICATION, DISTRIBUTION, ETC. (IMPRINT)
Place of publication, distribution, etc. New Delhi
Name of publisher, distributor, etc. Lexis Nexis Butterworth
Date of publication, distribution, etc. c2002
300 ## - PHYSICAL DESCRIPTION
Extent [xcvi] , 864p . :
Other physical details ill. ; 21 cm.
500 ## - GENERAL NOTE
General note Includes Index
526 ## - STUDY PROGRAM INFORMATION NOTE
Program name Law
650 ## - SUBJECT ADDED ENTRY--TOPICAL TERM
Topical term or geographic name as entry element Law
9 (RLIN) 4095
650 ## - SUBJECT ADDED ENTRY--TOPICAL TERM
Topical term or geographic name as entry element
9 (RLIN) 4095
700 ## - ADDED ENTRY--PERSONAL NAME
Personal name Justice MN Rao
9 (RLIN) 4096
856 ## - ELECTRONIC LOCATION AND ACCESS
Password 0
Logon 0
Link text Download
942 ## - ADDED ENTRY ELEMENTS (KOHA)
Source of classification or shelving scheme
Koha item type Books
Holdings
Withdrawn status Lost status Source of classification or shelving scheme Damaged status Not for loan Collection code Permanent location Current location Shelving location Date acquired Inventory number Total Checkouts Full call number Barcode Date last seen Copy number Price effective from Koha item type Date last checked out Source of acquisition
          Non-fiction Bangladesh University of Business and Technology Library Bangladesh University of Business and Technology Library Law Stacks 03/24/2021 3101   340/R2151g BUBTL-20033101 03/24/2021 C-1 03/24/2021 Books    
          Non-fiction Bangladesh University of Business and Technology Library Bangladesh University of Business and Technology Library Law Stacks 03/24/2021 3571   340/R2151g BUBTL-20033571 03/24/2021 C-2 03/24/2021 Books    
          Non-fiction Bangladesh University of Business and Technology Library Bangladesh University of Business and Technology Library Law Stacks 03/24/2021 3572 1 340/R2151g BUBTL-20033572 07/27/2023 C-3 03/24/2021 Books 07/25/2023  
          Non-fiction Bangladesh University of Business and Technology Library Bangladesh University of Business and Technology Library Law Stacks 03/24/2021 5887   340/R2151g BUBTL-20035887 03/24/2021 C-4 03/24/2021 Books    
          Non-fiction Bangladesh University of Business and Technology Library Bangladesh University of Business and Technology Library Law Stacks 03/24/2021 5888   340/R2151g BUBTL-20035888 03/24/2021 C-5 03/24/2021 Books    
        Not For Loan Non-fiction Bangladesh University of Business and Technology Library Bangladesh University of Business and Technology Library Law Stacks 03/24/2021 5889   340/R2151g BUBTL-20035889 03/24/2021 C-6 03/24/2021 Books    
        Not For Loan Non-fiction Bangladesh University of Business and Technology Library Bangladesh University of Business and Technology Library Law Stacks 03/24/2021 5890   340/R2151g BUBTL-20035890 03/24/2021 C-7 03/24/2021 Books    
          Non-fiction Bangladesh University of Business and Technology Library Bangladesh University of Business and Technology Library Law Stacks 03/24/2021 5891   340/R2151g BUBTL-20035891 03/24/2021 C-8 03/24/2021 Books    
          Non-fiction Bangladesh University of Business and Technology Library Bangladesh University of Business and Technology Library Law Stacks 04/07/2007 3570   340/R2151g/ 2002 BUBTL-20033570 08/11/2023 C-9 08/11/2023 Books   Purchase

More Information About Library

Library Hours

  • Open: 9.00 am. to 9.00 pm.
  • Only Sunday: 9.00 am. to 6.00 pm.
  • Closed: Holiday

Contact to the University

Bangladesh University of Business and Technology Library

  • Mirpurl-2, 1216.
  • Phone:
  • Fax:
  • E-Mail: admin.library@bubt.edu.bd

Contact to the Library

Contact Person:

Md. Abdul Hakim Shah
Joint Librarian
PABX No:  113
Cell No: 01816332931
E-mail: official: admin.library@bubt.edu.bd
Personal: hakim.shah@bubt.edu.bd


BUBT Library

Copyright © 2021